Movies Quiz

Random Movies or Clickable Quiz
Score 0/25 Timer 05:00
1 Play Today
% Correct
Titanic
94.3%
The Little Mermaid
93.1%
Forrest Gump
92%
The Wizard of Oz
91.7%
Pretty Woman
89.5%
Independence Day
85.5%
Casablanca
84.8%
Waterworld
82.9%
Caddyshack
82.7%
Fatal Attraction
77.1%
Carrie
76%
The Godfather
75.5%
King Kong
74.1%
% Correct
Con Air
71.6%
The Karate Kid
69.9%
Chocolat
69.6%
Sixteen Candles
67.4%
Erin Brockovich
66.6%
The Lord of the Rings
62.6%
The Accused
58.2%
Munich
51.1%
Giant
50.7%
Scanners
49.6%
Bad Boys II
48.3%
Jurassic Park
40.1%
Remove Ads.
Support Sporcle.
Get the best of Sporcle when you Go Orange. This ad-free experience offers more features, more stats, and more fun while also helping to support Sporcle. Thank you for becoming a member.

You're not logged in!

Compare scores with friends on all Sporcle quizzes.
OR
Log In

Sporcle TV

Today on Sporcle TV


Watch our educational content, quiz creation guides, and fun videos on Sporcle TV.

Show Comments

Extras

Top Quizzes Today


Score Distribution

Paid Content

Your Account Isn't Verified!

In order to create a playlist on Sporcle, you need to verify the email address you used during registration. Go to your Sporcle Settings to finish the process.

Report this User

Report this user for behavior that violates our Community Guidelines.

Details: